000 00420nam a2200169Ia 4500
008 151213s9999 xx 000 0 und d
020 _a0-07-006597-7
082 _a331
_b331
100 _aGeorge J. Borjus
245 _aLobour Economics
_cGeorge J. Borjus
260 _aNew York
_bMc Graw Hill
_c1996
300 _a8306 p.
650 _aEconomics
650 _aEconomics
700 _aGeorge J. Borjus
999 _c4151
_d4151